00723cam a22002291a 4500001001300000003000400013005001700017008004100034010001700075035002000092040002700112042001200139050001600151100003300167245005800200260006700258300002900325490004700354504005100401650002400452999001700476ne 64000728 DLC20260227111757.0911211s1963 ua a b 000 0 ara  ane 64000728  a(OCoLC)24931614 aDLCcMWalBdMWalBdDLC apremarc00aTS149b.J281 aJaʻfar, ʻIṣmat Ḥusayn.13aal-Naql al-dākhilī /cʻIṣmat Ḥusayn Jaʻfar. aal-Qāhirah :bMaktabat al-Anjilū al-Miṣrīyah,c[1963?] a240 p. :bill. ;c24 cm.0 aMajmūʻah al-idārah wa-al-intāj ;v4 aIncludes bibliographical references (p. [241]) 0aMaterials handling. c46828d46828